Design Of Reinforced Concrete Structures / (Record no. 21009)
[ view plain ]
| 000 -LEADER | |
|---|---|
| fixed length control field | 00722nac a22002051u 4500 |
| 008 - FIXED-LENGTH DATA ELEMENTS--GENERAL INFORMATION | |
| fixed length control field | 151031b xxua fr 001 0 eng d |
| 020 ## - INTERNATIONAL STANDARD BOOK NUMBER | |
| International Standard Book Number | 58479864 |
| 082 04 - DEWEY DECIMAL CLASSIFICATION NUMBER | |
| Classification number | 624.183 |
| Item number | GHO |
| Edition number | 22 |
| 100 1# - MAIN ENTRY--PERSONAL NAME | |
| Personal name | Ghoneim, Mashhour. |
| 245 10 - TITLE STATEMENT | |
| Title | Design Of Reinforced Concrete Structures / |
| Statement of responsibility, etc | Mashhour Ghoneim, Mahmoud El-Mihilmy. |
| 260 ## - PUBLICATION, DISTRIBUTION, ETC. (IMPRINT) | |
| Place of publication, distribution, etc | Cairo : |
| Name of publisher, distributor, etc | Al-Balagh Lel Tebaah Wal-Nashr Wattawozea, |
| Date of publication, distribution, etc | c.2008. |
| 300 ## - PHYSICAL DESCRIPTION | |
| Extent | i: vii,817p: |
| Other physical details | ill; |
| Dimensions | 22cm. |
| 500 ## - GENERAL NOTE | |
| General note | Distributer: Baccah. |
| 511 ## - PARTICIPANT OR PERFORMER NOTE | |
| Participant or performer note | Catalogued By: Mahitab. |
| 650 ## - SUBJECT ADDED ENTRY--TOPICAL TERM | |
| Topical term or geographic name as entry element | Reinforced concrete construction. |
| Source of heading or term | BUEsh |
| 650 ## - SUBJECT ADDED ENTRY--TOPICAL TERM | |
| Topical term or geographic name as entry element | Precast concrete construction. |
| Source of heading or term | BUEsh |
| 651 ## - SUBJECT ADDED ENTRY--GEOGRAPHIC NAME | |
| Source of heading or term | BUEsh |
| 700 ## - ADDED ENTRY--PERSONAL NAME | |
| Personal name | El-Mihilmy, Mahmoud. |
| 942 ## - ADDED ENTRY ELEMENTS (KOHA) | |
| Call number prefix | 624.183 GHO |
| Source of classification or shelving scheme | Dewey Decimal Classification |
| Call number suffix | 624.183 GHO |
| Withdrawn status | Item status | Source of classification or shelving scheme | Damaged status | Not for loan | Home library | Current library | Shelving location | Date acquired | Source of acquisition | Total Checkouts | Total Renewals | Full call number | Barcode | Date last seen | Date last borrowed | Koha item type | Public note | Vendor |
|---|---|---|---|---|---|---|---|---|---|---|---|---|---|---|---|---|---|---|
| Dewey Decimal Classification | Central Library | Central Library | First floor | 02/11/2015 | Purchase | 5 | 80 | 624.183 GHO | 000010111 | 15/07/2025 | 15/04/2021 | Book - Borrowing | Volume 3 | |||||
| Dewey Decimal Classification | Central Library | Central Library | First floor | 02/11/2015 | Purchase | 624.183 GHO | 000010110 | 15/07/2025 | NB - Book (Non borrowing) | Volume 3 | ||||||||
| Dewey Decimal Classification | Central Library | Central Library | First floor | 02/11/2015 | Purchase | 17 | 52 | 624.183 GHO | 000010114 | 15/07/2025 | 23/01/2019 | Book - Borrowing | Volume 1 | |||||
| Dewey Decimal Classification | Central Library | Central Library | First floor | 02/11/2015 | Purchase | 11 | 70 | 624.183 GHO | 000010113 | 15/07/2025 | 13/03/2016 | Book - Borrowing | ||||||
| Dewey Decimal Classification | Central Library | Central Library | First floor | 02/11/2015 | Purchase | 1 | 624.183 GHO | 000010112 | 15/07/2025 | 15/02/2010 | NB - Book (Non borrowing) | |||||||
| Dewey Decimal Classification | Central Library | Central Library | First floor | 02/11/2015 | Purchase | 16 | 109 | 624.183 GHO | 000010115 | 15/07/2025 | 22/02/2017 | Book - Borrowing | ||||||
| Dewey Decimal Classification | Central Library | Central Library | First floor | 02/11/2015 | Purchase | 16 | 78 | 624.183 GHO | 000010116 | 20/10/2025 | 04/03/2019 | Book - Borrowing | ||||||
| Dewey Decimal Classification | Central Library | Central Library | First floor | 02/11/2015 | Purchase | 11 | 37 | 624.183 GHO | 000010117 | 15/07/2025 | 13/10/2019 | Book - Borrowing | ||||||
| Dewey Decimal Classification | Central Library | Central Library | First floor | 02/11/2015 | Purchase | 1 | 31 | 624.183 GHO | 000009728 | 15/07/2025 | 22/09/2019 | Book - Borrowing | VOL. 3 | Baccah |